00370nam a22001337a 4500008004100000040005500041080001700096100001900113245002200132260003700154300001700191650001500208653001300223230321b |||||||| |||| 00| 0 eng d aNational Science LibrarycNational Science Library a65.012.4bK8 aRaiffa, Howard aDecision analysis aLondon: bAddison-Wesley, c1970 axviii, 309p. aManagement aBusiness